000 00523nam a22001697a 4500
005 20251108164043.0
008 250721s1996 xx 000 0 ara d
082 1 4 _a962/جرج
100 1 _aجرجس، لويس
245 1 0 _aيوميات من التاريخ المصري الحديث (1775-1952) /
264 1 _aالقاهرة :
_bالهيئة المصرية العامة،
_c1996.
300 _a542ص
490 0 _aتاريخ المصريين ؛120
650 1 7 _aتاريخ مصر
942 _2ddc
_cBK
999 _c2460
_d2460